00610cam a2200157 a 450000100100000000500170001000800410002704000250006808200170009310000270011024500620013726001320019930000210033150400730035260000270042500001384720240301180539.0770907s1969 ve b 000 0dspa d aDO-SdBNPbspacBNPHU axxxxxbN964m1 aNuñez Tenorio, J. R.10aMarx y la economía política /cJ. R. Nuñez Tenorio. aCaracas :bInstituto de Investigaciones, Facultad de Ciencias Económicas y Sociales, Universidad Central de Venezuela,c1969. a293 p. ;c22 cm. aIncluye referencias bibliográficas y notas al pie de las páginas10aMarx, Karl,d1818-1883